fishsticks - Iliona - Statistiques

Statistiques générales
  • Ce quiz a été pris 25 fois
  • Le résultat moyen est 204 sur 255
Statistiques - réponses
Réponse % Correct
à
100%
de
100%
fishsticks
100%
J'
100%
j'
100%
je
100%
ma
100%
pas
100%
que
100%
réparée
100%
suis
100%
t'
100%
tu
100%
ce
91%
c'est
91%
compote
91%
des
91%
hommes
91%
la
91%
Le
91%
le
91%
les
91%
malin
91%
mange
91%
préférais
91%
tout
91%
avoir
82%
cherche
82%
chez
82%
comme
82%
en
82%
encore
82%
et
82%
j'ai
82%
main
82%
me
82%
moi
82%
Par
82%
parle
82%
pour
82%
savais
82%
seule
82%
ta
82%
toi
82%
aimé
73%
années
73%
autre
73%
ça
73%
changé
73%
dans
73%
dealé
73%
dit
73%
d'un
73%
est
73%
est-ce
73%
étaient
73%
fait
73%
faut
73%
hier
73%
l'équation
73%
mais
73%
m'as
73%
meme
73%
mis
73%
ne
73%
nos
73%
oublié
73%
oublier
73%
pardonne
73%
parti
73%
passe
73%
pleurer
73%
plus
73%
poches
73%
pourquoi
73%
presque
73%
psy
73%
qui
73%
qu'ils
73%
qu'on
73%
raccroche
73%
raison
73%
régresser
73%
réponse
73%
rien
73%
sais
73%
sens
73%
si
73%
souvenirs
73%
t'as
73%
te
73%
temps
73%
tenir
73%
t'es
73%
une
73%
va
73%
vide
73%
vois
73%
vrais
73%
apprends
64%
avait
64%
avant
64%
car
64%
chose
64%
coup
64%
déconne
64%
défonçais
64%
demain
64%
disparait
64%
d'une
64%
égarée
64%
entre
64%
fil
64%
fini
64%
humour
64%
j'avais
64%
laissée
64%
m'effondrer
64%
n'ai
64%
ouvre
64%
penser
64%
personne
64%
pourtant
64%
puis
64%
qu'est-ce
64%
semaine
64%
sur
64%
t'aimais
64%
ton
64%
trouvé
64%
voir
64%
vrillé
64%
cacher
55%
concentre
55%
déborder
55%
débrancher
55%
force
55%
il
55%
m'bloques
55%
rêve
55%
s'inverser
55%
soir
55%
tard
55%
t'détester
55%
tente
55%
bosse
45%
dévoré
45%
fait mal
45%
m'inscris
45%
résonne
45%
Aucun quiz correspondant
Distribution des résultats
% des personnes avec chaque résultat
Percentile par nombre de réponses
Votre historique - résultats
Vous n’avez pas pris ce quiz